Top 10 US States with the Most Electoral Votes - Statistics

General Stats
  • This quiz has been taken 133 times
    125 since last reset
  • The average score is 10 of 10
Answer Stats
Votes State % Correct
55 California
100%
29 New York
100%
29 Florida
99%
38 Texas
99%
18 Ohio
97%
20 Illinois
95%
20 Pennsylvania
94%
16 Georgia
91%
16 Michigan
90%
15 North Carolina
86%
No matching quizzes found
Score Distribution
Percent of People with Each Score
Percentile by Number Answered
Your Score History
You have not taken this quiz since the last reset